000 00623nam a2200217Ii 4500
003 JO-AjNU
008 230606s9999||||xx |||||||||||||| ||und||
020 _a0-415-35964-3 / 978-0-415-35964-1
040 _aJO-AjNU
_beng
_erda
_cJO-AjNU
041 _aeng
050 1 4 _aHM479.V57.J36 2007
100 3 _aJames,Lan,
_eauthor
_970
245 0 0 _aPaul Virilio
250 _a1 ed
264 3 1 _aLandon,New York: Routledge, 2007
300 _a139p
_b Includes indexes(p134-139)
336 _atext
_btxt
_2rdacontent
337 _aunmediated
_bn
_2rdamedia
338 _avolume
_bnc
_2rdacarrier
650 4 _aculture - Philosophy
_971
999 _aE39
_c39
_d39